Vertauschte Inseln Quiz - Statistiken

Allgemein
  • Dieses Quiz wurde 246 mal gespielt
  • Das Durchschnittsergebnis liegt bei 13 aus 16
Antworten auf der Karte
Die Antworten werden auf der Karte rot bzw. grün angezeigt, abhängig davon wie oft sie richtig erraten wurden.
 
Antwortstatistiken
Country % Korrekt
Neuseeland
94%
Madagaskar
93%
Dominikanische Republik
90%
Haiti
90%
Irland
90%
Island
90%
Philippinen
89%
Bahamas
85%
Kap Verde
81%
Kiribati
81%
Kuba
81%
Japan
80%
Malediven
78%
Sri Lanka
77%
Taiwan
74%
Mauritius
73%
Keine übereinstimmenden Quizze gefunden
Verteilung der Resultate
Anzahl Personen mit jedem Resultat
Perzentil nach korrekt beantworteten Fragen
Ihre Resultats-Entwicklung
Sie haben dieses Quiz noch nicht gespielt